| 000 | 00817nam a2200205Ia 4500 | ||
|---|---|---|---|
| 003 | Ost | ||
| 005 | 20260507075637.0 | ||
| 008 | 260507s9999||||xx |||||||||||||| ||und|| | ||
| 020 | _a9789957911294 | ||
| 040 | _cfsecg | ||
| 041 | _aara | ||
| 082 | _a341.24 | ||
| 100 |
_aالسيد، رشاد عارف _eمؤلف |
||
| 245 | 0 |
_aالوسيط في المنظمات الدولية / _c رشاد عارف السيد |
|
| 260 |
_aعمان: _bدار وائل للنشر والتوزيع, _c2001 |
||
| 300 |
_a263 صفحة؛ _bإيضاحات ؛ _c24 سم |
||
| 520 | _aالمبادئ العامة للمنظمات الدولية- هيئة الأمم المتحدة- المنظمات الدولية المتخصصة- المنظمات الإقليمية | ||
| 653 | _aالمنظمات الدولية | ||
| 942 | _cكتاب | ||
| 999 |
_c45330 _d45330 |
||